United Kingdom's cities with 200.000 inhabitants or more - Statistics

General Stats
  • This quiz has been taken 43 times
  • The average score is 21 of 37
Answer Stats
Starting Letter Answer % Correct
L London
100%
B Birmingham
97%
L Liverpool
97%
G Glasgow
95%
E Edinburgh
92%
L Leeds
87%
M Manchester
82%
S Southampton
82%
B Belfast
77%
B Bristol
77%
C Cardiff
77%
L Leicester
77%
N Nottingham
77%
P Plymouth
74%
S Sheffield
72%
N Norwich
67%
S Swansea
59%
W Wolverhampton
56%
L Luton
54%
S Stoke-on-Trent
54%
B Bradford
51%
C Coventry
51%
D Derby
51%
S Sunderland
51%
B Blackpool
44%
N Northampton
44%
R Reading
44%
K Kingston upon Hull
36%
P Preston
36%
M Milton Keynes
23%
B Birkenhead
21%
N Newport
21%
S Southend-on-Sea
21%
C City of Westminster
8%
I Islington
3%
A Archway
0%
B Bexley
0%
No matching quizzes found
Score Distribution
Percent of People with Each Score
Percentile by Number Answered
Your Score History
You have not taken this quiz